Cargando...
Ente kuthippum kithappum
| Autor Principal: | |
|---|---|
| Formato: | Printed Book |
| Publicado: |
Kozhikode
Mathrubhumi publishing
2015
|
| LEADER | 00401nam a22001217a 4500 | ||
|---|---|---|---|
| 020 | |a 9788182662346 | ||
| 082 | |a 920 |b JOS.E | ||
| 100 | |a Joseph Vadakkan | ||
| 245 | |a Ente kuthippum kithappum | ||
| 260 | |a Kozhikode |b Mathrubhumi publishing |c 2015 | ||
| 942 | |c BK | ||
| 999 | |c 7162 |d 7162 | ||
| 952 | |0 0 |1 0 |4 0 |6 920_000000000000000_JOS_E |7 0 |8 NFIC |9 8958 |a CAMPUS |b CAMPUS |d 2016-02-02 |l 0 |o 920 JOS.E |p 22079 |r 2016-02-02 |w 2016-02-02 |y BK | ||